Sports Quiz

Random Sports or Basketball Quiz

Duke Basketball 2015 Quiz Stats

 Plays Quiz not verified by Sporcle

Support Sporcle.
Go Orange.
Score 0/24 Timer 10:00
0 Plays Today
Hint Answer % Correct
Head CoachCoach K
80.9%
Top freshmen Draft picksIrving
77.8%
GaurdMatt Jones
72.7%
GaurdGrayson Allen
66.5%
FowardAmile Jefferson
50%
Foward/CenterMarshall Plumlee
50%
StadiumCameron Indoor Stadium
45.4%
Gaurd/FowardBrandon Ingram
42.8%
GaurdLuke Kennard
40.2%
Greatest Buzzer BeaterChristian Laettner
40.2%
NicknameBlue Devils
39.7%
Top Draft pick from Duke Kyrie Irving
37.6%
Hint Answer % Correct
CenterChase Jeter
27.8%
GaurdDerryck Thornton
22.2%
Foward Sean Obi
19.1%
Center Antonio Vrankovic
14.9%
Top 3 point shooterJJ Reddick
13.9%
FowardJustin Robinson
13.4%
Gaurd Nick Pagliuca
11.9%
GaurdBrenner Besser
10.8%
Top NBA AlumniGrant Hill
10.3%
All Time lead scorerReddick
9.8%
ColorsBlue, White, Black
8.2%
Championship Years91,92,01,10,15
7.2%

You're not logged in!

Compare scores with friends on all Sporcle quizzes.
OR
Log In

From the Vault

Lyn Names for Ladies

by nightfloat

This sounds like the title of a book you might find in a second-hand store.
Remove Ads.
Support Sporcle.
Get the best of Sporcle when you Go Orange. This ad-free experience offers more features, more stats, and more fun while also helping to support Sporcle. Thank you for becoming a member.

Show Comments

Extras

Top Quizzes Today


Score Distribution

Your Account Isn't Verified!

In order to create a playlist on Sporcle, you need to verify the email address you used during registration. Go to your Sporcle Settings to finish the process.

Report this User

Report this user for behavior that violates our Community Guidelines.

Details: